[Event "ISR Youth-Ch Finals 2021 U18"]
[Site "Ramat Hasharon"]
[Date "2021.03.22"]
[Round "4.10"]
[White "Sheinkman, Lidan"]
[Black "Gov, Guy"]
[Result "1-0"]
[WhiteElo "1895"]
[BlackElo "2095"]
[Annotator "TA"]
[PlyCount "37"]
[EventDate "2021.03.19"]
[EventType "swiss"]
[EventCountry "ISR"]
[SourceTitle "playchess.com"]
[Source "ChessBase"]
[SourceQuality "1"]

{[%evp 11,37,13,18,15,0,11,16,14,2,-25,33,-56,-33,-99,-46,-59,-24,-167,-37,-54,671,645,1194,1181,29995,29996,29998,29999]} 1. d4 e6 2. c4 f5 3. Nc3 Nf6 4. Bg5 Be7 5. Bxf6 Bxf6 6. e4 fxe4 7. Nxe4 {A85: Dutch Defence: 2 c4 Nf6 3 Nc3.} O-O 8. Nf3 b6 9. Bd3 {The position is equal.} Bb7 10. Qc2 h6 {[#]} (10... Nc6 $11) 11. h4 $146 (11. O-O $14) ({Predecessor:} 11. b4 c5 12. bxc5 bxc5 13. Nxf6+ Qxf6 14. Ne5 Re8 15. Be4 Bc6 16. Bxc6 Nxc6 17. Nxd7 Qxd4 {1-0 (51) Jorczik,A (1867)-Huynh,N (1464) Willingen 2006}) 11... Nc6 12. Neg5 Nxd4 ({Don't play} 12... hxg5 $6 13. hxg5 Nxd4 14. Bh7+ Kh8 15. Be4+ Kg8 16. Bh7+ Kh8 17. Nxd4 $11) (12... Qe7 $1 $17 13. Qd2 Bxg5 14. hxg5 Rxf3 $1 {[%mdl 64] Remove Defender} 15. gxf3 Nxd4) 13. Nxd4 Bxd4 14. Bh7+ $1 Kh8 15. Bg8 $1 {[%csl Gg5,Gg8][%cal Rc2h7]} g6 $2 {[%mdl 8192]} (15... Rf5 $15 16. Nf7+ {[%mdl 64] Double Attack} Kxg8 17. Nxd8 Bxf2+ 18. Qxf2 Rxf2 19. Kxf2 Rxd8) 16. Qxg6 $18 {[%csl Gg5,Gg8][%cal Rg6h7]} Qe7 {[#]} 17. Bf7 $1 {[%cal Rg6h6]} Qb4+ 18. Kd1 {[%cal Rg6h6]} Be4 19. Qxh6+ {Weighted Error Value: White=0.33/Black=1.09} 1-0

[Event "ISR Youth-Ch Finals 2021 U18"]
[Site "Ramat Hasharon"]
[Date "2021.03.22"]
[Round "4.11"]
[White "Sobel, Alon"]
[Black "Levitan, Ronit"]
[Result "0-1"]
[WhiteElo "1825"]
[BlackElo "2048"]
[Annotator "TA"]
[PlyCount "96"]
[EventDate "2021.03.19"]
[EventType "swiss"]
[EventCountry "ISR"]
[SourceTitle "playchess.com"]
[Source "ChessBase"]
[SourceQuality "1"]

{[%evp 13,96,21,24,-35,-12,-27,16,-11,0,-9,0,-4,7,-131,22,20,25,12,20,26,61,53,57,48,58,47,70,-50,-37,-37,-31,-28,-23,-35,-20,-32,-1,-3,0,-34,-43,-41,-35,-46,-41,-35,-34,-45,0,0,0,-27,-27,-27,-46,-161,-161,-161,0,-151,-150,-227,-210,-918,-918,-963,-701,-1033,-1008,-966,-881,-551,-521,-1311,-1023,-12363,-2804,-5102,-5787,-10781,-275,-12850,-4631,-4622,-4610]} 1. d4 Nf6 2. c4 e6 3. Nc3 Bb4 4. Qc2 d5 5. cxd5 exd5 6. Bg5 h6 7. Bh4 c5 8. a3 {E35: Nimzo-Indian: Classical: 4...d5 5 cxd5 exd5.} ({White should play} 8. dxc5 $11 Nc6 9. e3) 8... Bxc3+ $15 9. bxc3 Nc6 {[#]} 10. e3 $146 {The position is equal.} ({Predecessor:} 10. Bxf6 Qxf6 11. e3 O-O 12. Be2 Bf5 13. Qd1 Rac8 14. Nf3 cxd4 15. cxd4 Na5 16. Qa4 {½-½ (40) Nutu Gajic,D (2280)-Maksimovic,S (2280) Cetinje 1990}) 10... cxd4 11. Bxf6 Qxf6 12. cxd4 Bf5 13. Bd3 {[#]} (13. Qc5 $11 {keeps the balance.}) 13... Bxd3 $2 (13... Qg6 $1 $17 14. Bxf5 Qxg2 15. Bd7+ {[%mdl 64] Decoy} Kxd7 16. Qf5+ Ke7) 14. Qxd3 $11 Qg5 15. g3 O-O 16. Ne2 a6 17. O-O Rfd8 18. Rfc1 Rac8 19. Nf4 Qe7 20. Rc5 {[#]} ({White should try} 20. Qb3 $14) 20... Ne5 $1 $15 {[%cal Re5d3]} 21. Qc3 Rxc5 22. dxc5 Nf3+ 23. Kh1 $1 Qe4 {Strongly threatening ...d4.} 24. Qd3 Ne5+ 25. Qxe4 dxe4 $11 {[%mdl 4096] Endgame KRN-KRN} 26. Kg2 Rd2 27. h3 Nc4 28. Kf1 Rc2 29. Rd1 Nd2+ {[%mdl 64] Discovered Attack} 30. Kg2 Nf3 31. Rd8+ Kh7 32. h4 Ne5 33. Rb8 Ng4 34. Kg1 (34. Rxb7 $15 Nxe3+ 35. Kg1 Rc1+ 36. Kh2 Ng4+ 37. Kg2) 34... Rxc5 $19 35. Rxb7 {[#]} Rc1+ $1 36. Kg2 Rc2 $1 {[%csl LRe3,LRf2]} 37. Rxf7 (37. Nh3 $17 {was necessary.}) 37... Rxf2+ 38. Kh3 $2 {[#]} (38. Kh1) 38... h5 $1 {[%csl Gg4][%cal Rf2h2]} 39. Rxg7+ Kxg7 {[%csl Gg4][%cal Rf2h2]} 40. Nxh5+ Kh6 41. Kxg4 {KR-KN} Rf3 42. Nf4 Rxe3 43. Kf5 Rxa3 44. Kxe4 a5 {[%cal Ba6a5,Ba5a4,Ba4a3][%mdl 32]} 45. Ne2 a4 46. Kd4 Rf3 $2 (46... Rb3 47. Nc1 Rb1) 47. g4 $2 (47. Kc4) 47... a3 48. Nc3 Rf2 {Weighted Error Value: White=0.99/Black=0.23} 0-1

[Event "ISR Youth-Ch Finals 2021 U18"]
[Site "Ramat Hasharon"]
[Date "2021.03.23"]
[Round "5.1"]
[White "Ben Ari, Yannay"]
[Black "Globus, Or"]
[Result "1-0"]
[WhiteElo "2403"]
[BlackElo "2401"]
[Annotator "TA"]
[PlyCount "63"]
[EventDate "2021.03.19"]
[EventType "swiss"]
[EventCountry "ISR"]
[SourceTitle "playchess.com"]
[Source "ChessBase"]
[SourceQuality "1"]

{[%evp 9,63,0,0,0,0,0,0,0,37,37,39,40,43,52,47,-20,141,126,278,283,279,283,323,222,220,225,241,242,230,232,221,75,70,57,171,166,172,119,207,193,197,200,461,460,460,468,889,548,1091,1054,970,979,967,943,950,938]} 1. d4 Nf6 2. Nf3 g6 3. Nc3 d5 4. Bf4 Bg7 5. e3 O-O 6. Nb5 {D00: 1 d4 d5: Unusual lines.} Na6 7. h3 c6 8. Nc3 {The position is equal.} c5 9. Bxa6 bxa6 10. dxc5 Qa5 {[#]} 11. Qd4 $146 {Be5 is the strong threat.} ({Predecessor:} 11. Be5 Qxc5 12. Qd4 Qa5 13. Qa4 Qc5 14. O-O Bb7 15. Nd4 Rac8 16. a3 Nh5 17. Bxg7 Nxg7 {1-0 (58) Sedlak,N (2604)-Cerovic,D (2330) Budapest 2018}) 11... Nd7 12. Ne5 {[#]} (12. Qxd5 Bxc3+ 13. bxc3 Qxc3+ 14. Ke2 Nxc5 $17) (12. Be5 $14 Nxe5 13. Nxe5) 12... e6 $2 {[#]} (12... Bb7 $1 $11) 13. Nc6 $1 $16 {[%mdl 512]} Bxd4 $2 (13... Qxc5 $16 14. Qxc5 Nxc5) 14. exd4 $18 (14. Nxa5 Bxc5 15. O-O Re8 $11) 14... Qxc3+ 15. bxc3 e5 16. Ne7+ (16. Nxe5 Nxe5 17. Bxe5 Bb7 $18) (16. dxe5 Nxc5 17. Ne7+ Kg7 $16) 16... Kg7 17. Be3 ({Don't take} 17. dxe5 $6 Nxc5 18. Nxd5 Be6 $16) ({And not} 17. Nxd5 exf4 18. f3 a5 $11) ({Much less strong is} 17. Bxe5+ $6 Nxe5 18. dxe5 Re8 $16) 17... Bb7 18. Rb1 Rab8 19. Kd2 {Hoping for c6.} Ba8 {[#]} 20. c4 (20. c6 $1 $18 {and White stays clearly on top.} Nb6 21. dxe5) 20... dxc4 $16 21. d5 {Threatens to win with Rxb8.} Rbe8 ({Better is} 21... Nf6 $1 $14) 22. d6 $36 {[%mdl 2048] Black is under strong pressure.} Nf6 23. f3 ({White should try} 23. Kc3 $18) 23... Nd5 (23... Rxe7 $16 24. dxe7 Re8) 24. Nxd5 Bxd5 25. Kc3 Kf6 $2 (25... Rd8 26. Rhd1 Bc6 27. Kxc4 Kf6) 26. Rhd1 {White is clearly winning.} Ke6 27. Rd2 Bc6 (27... Rd8 $142 28. Bh6 Rg8) 28. Bh6 Rb8 29. Bxf8 Rxb1 30. d7 $1 {[%cal Rd7d8][%mdl 64] Decoy} Bxd7 31. Rd6+ {[%mdl 64] Double Attack} Kf5 32. Rxd7 {Weighted Error Value: White=0.33/Black=0.46} 1-0

[Event "ISR Youth-Ch Finals 2021 U18"]
[Site "Ramat Hasharon"]
[Date "2021.03.23"]
[Round "5.2"]
[White "Gorodetzky, Matan"]
[Black "Tzidkiya, Yeshaayahu"]
[Result "0-1"]
[WhiteElo "2253"]
[BlackElo "2380"]
[Annotator "ChessBase"]
[PlyCount "118"]
[EventDate "2021.03.19"]
[EventType "swiss"]
[EventCountry "ISR"]
[SourceTitle "playchess.com"]
[Source "ChessBase"]
[SourceQuality "1"]
[TimeControl "5400+30"]

1. e4 {[%emt 0:00:00]} c5 {[%emt 0:01:28]} 2. Nf3 {[%emt 0:00:00]} Nc6 {[%emt 0:00:18]} 3. Bb5 {[%emt 0:00:00]} g6 {[%emt 0:00:12]} 4. O-O {[%emt 0:00:12]} Bg7 {[%emt 0:00:07]} 5. Re1 {[%emt 0:00:22]} Nf6 {[%emt 0:01:59]} 6. c3 {[%emt 0:00:10]} O-O {[%emt 0:00:06]} 7. d4 {[%emt 0:00:07]} a6 {[%emt 0:02:13]} 8. Bf1 {[%emt 0:01:59]} d5 {[%emt 0:01:14]} 9. exd5 {[%emt 0:06:44]} Qxd5 {[%emt 0:02:49]} 10. dxc5 {[%emt 0:02:19]} Qxc5 {[%emt 0:04:25]} 11. Be3 {[%emt 0:00:22]} Qh5 {[%emt 0:06:56]} 12. h3 {[%emt 0:03:49]} Rd8 {[%emt 0:20:25]} 13. Qe2 {[%emt 0:17:06]} Bf5 {[%emt 0:06:29]} 14. Nd4 {[%emt 0:02:55]} Nxd4 {[%emt 0:21:27]} 15. Bxd4 {[%emt 0:03:24]} Bg4 {[%emt 0:09:58]} 16. Qc2 {[%emt 0:09:48]} Be6 {[%emt 0:01:39]} 17. Be2 {[%emt 0:11:22]} Qg5 {[%emt 0:01:19]} 18. Be3 {[%emt 0:00:29]} Qh4 {[%emt 0:01:14]} 19. Nd2 {[%emt 0:01:12]} Nd5 {[%emt 0:00:16]} 20. Nf1 {[%emt 0:07:43]} Rac8 {[%emt 0:02:42]} 21. Bf3 {[%emt 0:01:29]} b5 {[%emt 0:01:03]} 22. Bd2 {[%emt 0:05:11]} Nb4 {[%emt 0:03:06]} 23. Qe4 {[%emt 0:00:06]} Qxe4 {[%emt 0:00:22]} 24. Bxe4 {[%emt 0:04:20]} Nd3 {[%emt 0:00:40]} 25. Bxd3 {[%emt 0:00:05]} Rxd3 {[%emt 0:00:03]} 26. Bg5 {[%emt 0:00:39]} b4 {[%emt 0:02:24]} 27. cxb4 {[%emt 0:02:13]} Bxb2 {[%emt 0:00:06]} 28. Rad1 {[%emt 0:01:16]} Rxd1 {[%emt 0:04:32]} 29. Rxd1 {[%emt 0:00:02]} f6 {[%emt 0:00:06]} 30. Be3 {[%emt 0:00:21]} Ba3 {[%emt 0:00:28]} 31. Bd2 {[%emt 0:09:07]} Rc2 {[%emt 0:00:44]} 32. Ne3 {[%emt 0:02:43]} Rxa2 {[%emt 0:00:55]} 33. Bc3 {[%emt 0:00:06]} Kf7 {[%emt 0:02:49]} 34. Rb1 {[%emt 0:00:31]} Bd7 {[%emt 0:00:39]} 35. g4 {[%emt 0:01:21]} Bc6 {[%emt 0:01:00]} 36. h4 {[%emt 0:01:58]} Be4 {[%emt 0:00:25]} 37. Rb3 {[%emt 0:00:29]} Bc1 {[%emt 0:00:16]} 38. Bd4 {[%emt 0:01:00]} e5 {[%emt 0:00:24]} 39. Bc5 {[%emt 0:00:06]} Ra1 {[%emt 0:00:28]} 40. Kh2 {[%emt 0:00:17]} f5 {[%emt 0:00:44]} 41. gxf5 {[%emt 0:03:09]} gxf5 {[%emt 0:00:04]} 42. Ng2 {[%emt 0:01:22]} Rb1 {[%emt 0:00:47]} 43. Rxb1 {[%emt 0:00:49]} Bxb1 {[%emt 0:00:05]} 44. Ne3 {[%emt 0:00:38]} Ke6 {[%emt 0:00:06]} 45. Kg2 {[%emt 0:01:13]} Bd3 {[%emt 0:00:15]} 46. f3 {[%emt 0:00:30]} f4 {[%emt 0:00:45]} 47. Nd1 {[%emt 0:00:19]} Kd5 {[%emt 0:00:47]} 48. Nc3+ {[%emt 0:00:37]} Kc4 {[%emt 0:00:06]} 49. Na4 {[%emt 0:00:05]} Bd2 {[%emt 0:01:46]} 50. Bd6 {[%emt 0:01:18]} Kd5 {[%emt 0:00:33]} 51. Bf8 {[%emt 0:00:23]} e4 {[%emt 0:00:16]} 52. fxe4+ {[%emt 0:00:38]} Bxe4+ {[%emt 0:00:04]} 53. Kh2 {[%emt 0:00:30]} f3 {[%emt 0:00:34]} 54. Bc5 {[%emt 0:00:07]} Bxb4 {[%emt 0:00:27]} 55. Bf2 {[%emt 0:00:42]} Kc6 {[%emt 0:00:25]} 56. Kg3 {[%emt 0:00:10]} Kb5 {[%emt 0:00:24]} 57. Nb2 {[%emt 0:00:07]} Bd6+ {[%emt 0:00:14]} 58. Kg4 {[%emt 0:00:06]} Bc5 {[%emt 0:00:13]} 59. Bxc5 {[%emt 0:00:22]} Kxc5 {[%emt 0:00:04]} 0-1

[Event "ISR Youth-Ch Finals 2021 U18"]
[Site "Ramat Hasharon"]
[Date "2021.03.23"]
[Round "5.3"]
[White "Ehrlich, Roy"]
[Black "Zemach, Roee"]
[Result "1-0"]
[WhiteElo "2004"]
[BlackElo "2292"]
[Annotator "ChessBase"]
[PlyCount "79"]
[EventDate "2021.03.19"]
[EventType "swiss"]
[EventCountry "ISR"]
[SourceTitle "playchess.com"]
[Source "ChessBase"]
[SourceQuality "1"]
[TimeControl "5400+30"]

1. e4 {[%emt 0:00:00]} e5 {[%emt 0:00:02]} 2. Nc3 {[%emt 0:00:00]} Nc6 {[%emt 0:01:05]} 3. g3 {[%emt 0:00:00]} g6 {[%emt 0:01:12]} 4. Bg2 {[%emt 0:00:00]} Bg7 {[%emt 0:00:30]} 5. Nge2 {[%emt 0:00:45]} Nge7 {[%emt 0:00:53]} 6. Nd5 {[%emt 0:04:26]} d6 {[%emt 0:04:55]} 7. h3 {[%emt 0:03:12]} O-O {[%emt 0:06:05]} 8. O-O {[%emt 0:03:48]} Nxd5 {[%emt 0:05:48]} 9. exd5 {[%emt 0:00:05]} Ne7 {[%emt 0:00:08]} 10. d4 {[%emt 0:04:55]} exd4 {[%emt 0:07:51]} 11. Nxd4 {[%emt 0:00:07]} Nf5 {[%emt 0:00:10]} 12. Nb3 {[%emt 0:21:39]} a5 {[%emt 0:09:30]} 13. a4 {[%emt 0:00:53]} Bd7 {[%emt 0:06:03]} 14. Re1 {[%emt 0:08:10]} Re8 {[%emt 0:04:48]} 15. Be4 {[%emt 0:08:24]} Ne7 {[%emt 0:10:21]} 16. Kh2 {[%emt 0:04:33]} Nc8 {[%emt 0:01:16]} 17. c3 {[%emt 0:01:54]} Nb6 {[%emt 0:07:03]} 18. Nd4 {[%emt 0:00:07]} Qc8 {[%emt 0:02:13]} 19. h4 {[%emt 0:04:20]} c6 {[%emt 0:04:17]} 20. dxc6 {[%emt 0:01:19]} bxc6 {[%emt 0:00:13]} 21. Bf4 {[%emt 0:01:11]} Nc4 {[%emt 0:01:28]} 22. b3 {[%emt 0:05:45]} Ne5 {[%emt 0:00:18]} 23. Qd2 {[%emt 0:02:03]} Qa6 {[%emt 0:03:28]} 24. Bxe5 {[%emt 0:04:26]} dxe5 {[%emt 0:08:26]} 25. Nb5 {[%emt 0:01:40]} cxb5 {[%emt 0:03:02]} 26. Bxa8 {[%emt 0:00:24]} Be6 {[%emt 0:00:41]} 27. Bd5 {[%emt 0:01:50]} Rd8 {[%emt 0:01:03]} 28. axb5 {[%emt 0:01:13]} Qxb5 {[%emt 0:00:50]} 29. c4 {[%emt 0:00:06]} Qxb3 {[%emt 0:00:22]} 30. Qxa5 {[%emt 0:00:36]} Bf6 {[%emt 0:02:20]} 31. Bxe6 {[%emt 0:02:51]} fxe6 {[%emt 0:00:07]} 32. Qa2 {[%emt 0:00:14]} Qf3 {[%emt 0:01:12]} 33. Qe2 {[%emt 0:01:06]} Qc6 {[%emt 0:00:29]} 34. Rac1 {[%emt 0:01:02]} Rd4 {[%emt 0:00:13]} 35. c5 {[%emt 0:00:51]} e4 {[%emt 0:00:54]} 36. Rc4 {[%emt 0:00:27]} Kf7 {[%emt 0:00:49]} 37. Rd1 {[%emt 0:00:54]} e5 {[%emt 0:00:22]} 38. Rc2 {[%emt 0:03:39]} Qd5 {[%emt 0:01:48]} 39. Ra1 {[%emt 0:01:27]} e3 {[%emt 0:02:02]} 40. fxe3 {[%emt 0:00:48]} 1-0

[Event "ISR Youth-Ch Finals 2021 U18"]
[Site "Ramat Hasharon"]
[Date "2021.03.23"]
[Round "5.4"]
[White "Katkov, Michelle"]
[Black "Milikow, Yoav"]
[Result "1/2-1/2"]
[WhiteElo "2078"]
[BlackElo "2302"]
[Annotator "ChessBase"]
[PlyCount "59"]
[EventDate "2021.03.19"]
[EventType "swiss"]
[EventCountry "ISR"]
[SourceTitle "playchess.com"]
[Source "ChessBase"]
[SourceQuality "1"]
[TimeControl "5400+30"]

1. e4 {[%emt 0:00:00]} e5 {[%emt 0:00:00]} 2. Nf3 {[%emt 0:00:00]} Nc6 {[%emt 0:00:00]} 3. Bc4 {[%emt 0:00:00]} Nf6 {[%emt 0:00:00]} 4. d3 {[%emt 0:00:00]} h6 {[%emt 0:00:00]} 5. Nc3 {[%emt 0:05:15]} d6 {[%emt 0:02:59]} 6. a4 {[%emt 0:03:18]} Be6 {[%emt 0:01:54]} 7. Nd5 {[%emt 0:07:49]} Bxd5 {[%emt 0:03:36]} 8. Bxd5 {[%emt 0:00:22]} Nxd5 {[%emt 0:00:32]} 9. exd5 {[%emt 0:00:04]} Ne7 {[%emt 0:00:32]} 10. c4 {[%emt 0:00:14]} c6 {[%emt 0:03:42]} 11. dxc6 {[%emt 0:00:29]} Nxc6 {[%emt 0:00:34]} 12. O-O {[%emt 0:01:17]} Be7 {[%emt 0:02:00]} 13. Re1 {[%emt 0:03:59]} O-O {[%emt 0:03:16]} 14. Bd2 {[%emt 0:01:16]} Bf6 {[%emt 0:01:43]} 15. Bc3 {[%emt 0:00:55]} Re8 {[%emt 0:01:29]} 16. Qc2 {[%emt 0:07:04]} a5 {[%emt 0:04:56]} 17. Qb3 {[%emt 0:05:31]} Qd7 {[%emt 0:01:40]} 18. Qb5 {[%emt 0:04:55]} g6 {[%emt 0:07:53]} 19. d4 {[%emt 0:06:27]} exd4 {[%emt 0:01:18]} 20. Nxd4 {[%emt 0:00:57]} Rxe1+ {[%emt 0:02:37]} 21. Rxe1 {[%emt 0:00:05]} Re8 {[%emt 0:00:59]} 22. Rxe8+ {[%emt 0:08:29]} Qxe8 {[%emt 0:00:54]} 23. Nf3 {[%emt 0:01:05]} Bxc3 {[%emt 0:03:00]} 24. bxc3 {[%emt 0:00:05]} Qe2 {[%emt 0:02:34]} 25. h3 {[%emt 0:00:18]} Qd1+ {[%emt 0:02:16]} 26. Kh2 {[%emt 0:00:07]} Qc1 {[%emt 0:00:38]} 27. Qxb7 {[%emt 0:01:28]} Qf4+ {[%emt 0:00:08]} 28. Kg1 {[%emt 0:01:45]} Qc1+ {[%emt 0:00:20]} 29. Kh2 {[%emt 0:00:05]} Qf4+ {[%emt 0:00:06]} 30. Kg1 {[%emt 0:00:18]} 1/2-1/2

[Event "ISR Youth-Ch Finals 2021 U18"]
[Site "Ramat Hasharon"]
[Date "2021.03.23"]
[Round "5.5"]
[White "Gorshtein, Asaf"]
[Black "Neiman, Maks"]
[Result "1-0"]
[WhiteElo "2122"]
[BlackElo "1993"]
[Annotator "ChessBase"]
[PlyCount "59"]
[EventDate "2021.03.19"]
[EventType "swiss"]
[EventCountry "ISR"]
[SourceTitle "playchess.com"]
[Source "ChessBase"]
[SourceQuality "1"]
[TimeControl "5400+30"]

1. e4 {[%emt 0:00:00]} e6 {[%emt 0:08:05]} 2. d4 {[%emt 0:00:00]} d5 {[%emt 0:00:11]} 3. Nd2 {[%emt 0:00:00]} Nf6 {[%emt 0:00:53]} 4. e5 {[%emt 0:00:00]} Nfd7 {[%emt 0:00:04]} 5. Bd3 {[%emt 0:00:00]} c5 {[%emt 0:00:06]} 6. c3 {[%emt 0:00:00]} Nc6 {[%emt 0:00:12]} 7. Ne2 {[%emt 0:00:03]} cxd4 {[%emt 0:00:07]} 8. cxd4 {[%emt 0:00:06]} f6 {[%emt 0:00:17]} 9. exf6 {[%emt 0:00:06]} Nxf6 {[%emt 0:00:08]} 10. Nf3 {[%emt 0:00:08]} Bd6 {[%emt 0:00:43]} 11. Bf4 {[%emt 0:00:19]} Bxf4 {[%emt 0:02:23]} 12. Nxf4 {[%emt 0:00:08]} O-O {[%emt 0:00:08]} 13. O-O {[%emt 0:00:07]} Ne4 {[%emt 0:00:27]} 14. Qc1 {[%emt 0:00:09]} Ng5 {[%emt 0:05:00]} 15. Nxg5 {[%emt 0:00:07]} Qxg5 {[%emt 0:00:06]} 16. Ne2 {[%emt 0:00:06]} Qf6 {[%emt 0:02:03]} 17. Qd2 {[%emt 0:00:12]} Kh8 {[%emt 0:03:01]} 18. Rac1 {[%emt 0:01:42]} Nxd4 {[%emt 0:07:26]} 19. Nxd4 {[%emt 0:00:23]} Qxd4 {[%emt 0:00:12]} 20. Rc7 {[%emt 0:00:48]} e5 {[%emt 0:11:25]} 21. Qg5 {[%emt 0:07:32]} e4 {[%emt 0:00:24]} 22. Bc2 {[%emt 0:00:49]} b6 {[%emt 0:04:20]} 23. Qg3 {[%emt 0:02:05]} Be6 {[%emt 0:03:23]} 24. Bb3 {[%emt 0:03:16]} a5 {[%emt 0:09:33]} 25. Qd6 {[%emt 0:05:05]} a4 {[%emt 0:10:58]} 26. Bxa4 {[%emt 0:05:37]} Bg4 {[%emt 0:04:04]} 27. Bc6 {[%emt 0:02:36]} Be2 {[%emt 0:01:45]} 28. Bxa8 {[%emt 0:02:36]} Rxf2 {[%emt 0:00:24]} 29. Rc8+ {[%emt 0:00:20]} Rf8+ {[%emt 0:00:42]} 30. Kh1 {[%emt 0:00:05]} 1-0

[Event "ISR Youth-Ch Finals 2021 U18"]
[Site "Ramat Hasharon"]
[Date "2021.03.23"]
[Round "5.6"]
[White "Kadria, Shay"]
[Black "Cohen Revivo, Shoham"]
[Result "1-0"]
[WhiteElo "2086"]
[BlackElo "2171"]
[Annotator "ChessBase"]
[PlyCount "65"]
[EventDate "2021.03.19"]
[EventType "swiss"]
[EventCountry "ISR"]
[SourceTitle "playchess.com"]
[Source "ChessBase"]
[SourceQuality "1"]
[TimeControl "5400+30"]

1. e4 {[%emt 0:00:00]} c5 {[%emt 0:09:06]} 2. Nf3 {[%emt 0:00:15]} Nc6 {[%emt 0:00:06]} 3. Bb5 {[%emt 0:01:14]} g6 {[%emt 0:00:39]} 4. O-O {[%emt 0:00:17]} Bg7 {[%emt 0:00:09]} 5. c3 {[%emt 0:00:58]} Nf6 {[%emt 0:01:12]} 6. Re1 {[%emt 0:03:26]} O-O {[%emt 0:00:24]} 7. d4 {[%emt 0:01:35]} cxd4 {[%emt 0:00:15]} 8. cxd4 {[%emt 0:00:27]} d5 {[%emt 0:00:04]} 9. e5 {[%emt 0:01:15]} Ne4 {[%emt 0:00:04]} 10. Nc3 {[%emt 0:02:54]} Bf5 {[%emt 0:01:35]} 11. Bd3 {[%emt 0:03:15]} Nxc3 {[%emt 0:00:19]} 12. bxc3 {[%emt 0:00:09]} Bxd3 {[%emt 0:00:03]} 13. Qxd3 {[%emt 0:00:10]} Na5 {[%emt 0:01:24]} 14. e6 {[%emt 0:02:59]} f6 {[%emt 0:00:28]} 15. h4 {[%emt 0:04:00]} Rc8 {[%emt 0:11:57]} 16. h5 {[%emt 0:00:54]} g5 {[%emt 0:00:43]} 17. Bxg5 {[%emt 0:00:57]} Qe8 {[%emt 0:02:41]} 18. h6 {[%emt 0:02:40]} fxg5 {[%emt 0:03:37]} 19. hxg7 {[%emt 0:00:27]} Rf6 {[%emt 0:00:12]} 20. Re5 {[%emt 0:02:19]} h6 {[%emt 0:06:57]} 21. Rxd5 {[%emt 0:01:49]} Nc4 {[%emt 0:00:42]} 22. Rd7 {[%emt 0:03:30]} Nd6 {[%emt 0:01:57]} 23. d5 {[%emt 0:00:38]} g4 {[%emt 0:03:13]} 24. Ne5 {[%emt 0:04:27]} Qh5 {[%emt 0:00:44]} 25. Re1 {[%emt 0:01:18]} Rf5 {[%emt 0:02:53]} 26. Qe2 {[%emt 0:06:15]} Rxc3 {[%emt 0:00:25]} 27. Nxg4 {[%emt 0:03:36]} Rc8 {[%emt 0:04:23]} 28. Rxd6 {[%emt 0:02:08]} Qh4 {[%emt 0:01:04]} 29. Qe4 {[%emt 0:02:49]} Rh5 {[%emt 0:06:07]} 30. g3 {[%emt 0:00:23]} Qh3 {[%emt 0:00:44]} 31. Qf3 {[%emt 0:00:41]} Kh7 {[%emt 0:02:18]} 32. Rd7 {[%emt 0:00:35]} Rc3 {[%emt 0:01:25]} 33. g8=Q+ {[%emt 0:48:10]} 1-0